Péter apa. {NeÍa Péter
Elmentve itt :
| Szerző: | |
|---|---|
| Adatforrás: | Meister |
| Forrásdokumentuma: | Helikon. - 18 sz., 1998, 2 p. |
| Nyelv: | magyar |
| Kulcsszavak: | in memoriam sajtó MAROSI Péter Utunk Korunk |
| LEADER | 00402nab a2200169 i 4500 | ||
|---|---|---|---|
| 001 | bibPRO00009927 | ||
| 008 | 060524s1998 xx hun | ||
| 040 | |a Sz1 | ||
| 041 | |a hun | ||
| 100 | 1 | |a GÁLL Ernő | |
| 245 | 1 | 0 | |a Péter apa. {NeÍa Péter |c GÁLL Ernő |
| 695 | |a in memoriam | ||
| 695 | |a sajtó | ||
| 695 | |a MAROSI Péter | ||
| 695 | |a Utunk | ||
| 695 | |a Korunk | ||
| 773 | 0 | |t Helikon. - |g 18 sz., 1998, 2 p. | |